Ilu ludzi zginęło w KL Auschwitz : (Record no. 34)

MARC details
000 -ETYKIETA REKORDU
pole stałej długości 01389nam a2200385 i 4500
001 - NUMER KONTROLNY REKORDU
pole kontrolne 991001329549705066
005 - DATA OSTATNIEJ MODYFIKACJI REKORDU
pole kontrolne 20260503183307.0
008 - DANE KONTROLNE (POLA STAŁEJ DŁUGOŚCI)
pole stałej długości 970513s1992 pl a |001 0 pol
009 - STREFA OPISU FIZYCZNEGO POLA STAŁEJ DŁUGOŚCI DLA KOLEKCJI ARCHIWALNYCH [NIEUŻYWANE]
pole stałej długości b0000001038589
015 ## - NUMER NARODOWEJ BIBLIOGRAFII
Numer bibliografii narodowej UWD 1992/4473
020 ## - MIĘDZYNARODOWY ZNORMALIZOWANY NUMER KSIĄŻKI
Międzynarodowy Znormalizowany Numer Książki 8385047018
035 ## - NUMER SYSTEMOWY REKORDU
Numer systemowy 991001329549705066
035 ## - NUMER SYSTEMOWY REKORDU
Numer systemowy (PL-WaBN)b10385897-48omnis_nlop
035 ## - NUMER SYSTEMOWY REKORDU
Numer systemowy b10385897
035 ## - NUMER SYSTEMOWY REKORDU
Numer systemowy (OCoLC)830057718
035 ## - NUMER SYSTEMOWY REKORDU
Numer systemowy zz2004950593
035 ## - NUMER SYSTEMOWY REKORDU
Numer systemowy (PL)b0000001038589
035 ## - NUMER SYSTEMOWY REKORDU
Numer systemowy (EXLNZ-48OMNIS_NETWORK)9910334288705606
040 ## - INSTYTUCJA SPORZĄDZAJĄCA REKORD
Instytucja, która przygotowała dane do khw WA N
Instytucja, która wprowadziła rekord WA N
080 ## - SYMBOL UNIWERSALNEJ KLASYFIKACJI DZIESIĘTNEJ
Symbol Uniwersalnej Klasyfikacji Dziesiętnej 940.531.8
100 1# - HASŁO GŁÓWNE - NAZWA OSOBOWA
Nazwa osobowa Piper, Franciszek
Daty biograficzne (1941- )
245 10 - STREFA TYTUŁU I OZNACZENIA ODPOWIEDZIALNOŚCI
Tytuł Ilu ludzi zginęło w KL Auschwitz :
Ciąg dalszy tytułu liczba ofiar w świetle źródeł i badań 1945-1990 /
Pozostałe elementy strefy tytułu i oznaczenia odpowiedzialności Franciszek Piper.
260 ## - STREFA ADRESU WYDAWNICZEGO
Miejsce wydania, dystrybucji itp. Oświęcim :
Nazwa wydawcy, dystrybutora itp. Wydaw. Państ. Muzeum,
Data wydania, dystrybucji itp. 1992
Miejsce druku (Ciesz. :
Nazwa drukarni CDW).
300 ## - STREFA OPISU FIZYCZNEGO
Określenie formy dokumentu i/lub objętość 221, [2] s., [1] k. tabl. :
Inne elementy opisu fizycznego faks., fot., portr. ;
Wymiary 21 cm.
336 ## - TYP ZAWARTOŚCI
Termin opisujący typ zawartości Tekst
Kod określający zawartość txt
Źródło rdacontent
337 ## - TYP MEDIÓW
Tryb odtwarzania Bez urządzenia pośredniczącego
Kod typu mediów n
Źródło rdamedia
338 ## - TYP/RODZAJ NOŚNIKA
Hasło opisujące typ nośnika Wolumin
Kod typu nośnika nc
Źródło rdacarrier
380 ## - FORMA DZIEŁA
Forma dzieła Książki
504 ## - UWAGA DOTYCZĄCA BIBLIOGRAFII ZAŁĄCZNIKOWEJ
Uwaga dotycząca bibliografii Bibliogr. s. 125-131. - Indeksy.
610 27 - HASŁO PRZEDMIOTOWE - NAZWA CIAŁA ZBIOROWEGO
Nazwa ciała zbiorowego lub nazwa geograficzna jako pierwszy element Auschwitz-Birkenau (niemiecki obóz koncentracyjny)
Źródło hasła lub deskryptora DBN
610 20 - HASŁO PRZEDMIOTOWE - NAZWA CIAŁA ZBIOROWEGO
Nazwa ciała zbiorowego lub nazwa geograficzna jako pierwszy element Auschwitz (Concentration camp)
650 #0 - HASŁO PRZEDMIOTOWE - NAZWA POSPOLITA
Nazwa pospolita lub nazwa geograficzna jako element wprowadzający World War, 1939-1945
Określnik rzeczowy Atrocities
Określnik geograficzny Poland
-- Oświęcim.
710 2# - HASŁO DODATKOWE - NAZWA CIAŁA ZBIOROWEGO
Nazwa ciała zbiorowego lub nazwa geograficzna jako pierwszy element Wydawnictwo Państwowego Muzeum Auschwitz-Birkenau
Powiązanie pbl
942 ## - ADDED ENTRY ELEMENTS (KOHA)
Źródło klasyfikacji lub schemat ustawienia na półkach Inne/Ogólny schemat klasyfikacji
Typ egzemplarza Koha Książki
Ukryj w OPAC Nie
Holdings
Wycofany Zagubiony Źródło klasyfikacji lub schemat ustawienia na półkach Status uszkodzenia Nie można wypożyczyć Biblioteka macierzysta Obecna biblioteka Data nabycia Źródło nabycia Cena Numer inwentarzowy Numer akcesji Razem wypożyczeń Sygnatura Kod kreskowy Ostatnio widziany Cena obowiązuje od Typ egzemplarza Koha
    Inne/Ogólny schemat klasyfikacji     Księgozbiór Prywatny Rytwiany Księgozbiór Prywatny Rytwiany 19/07/2014 Dar wewnętrzny 10.00 RYT-018 1/2014   R.18 2000000000183 03/05/2026 03/05/2026 Książki